| 000 | 01322cam a22003374a 4500 | ||
|---|---|---|---|
| 001 | 13173142 | ||
| 003 | NUST | ||
| 005 | 20210901153102.0 | ||
| 008 | 030423s2003 ilu 000 0beng | ||
| 010 | _a 2003051352 | ||
| 020 | _a97801143031314 | ||
| 038 | _aArshad | ||
| 040 |
_aDLC _cDLC _dDLC |
||
| 043 | _aa-pk--- | ||
| 050 | 0 | 0 |
_aPN5449.P28 _bZ7455 2003 |
| 082 | 0 | 0 |
_a070.92 _bSUL |
| 100 | 1 |
_aGoodyear, Sara Suleri. _982030 |
|
| 245 | 1 | 0 |
_aBoys will be boys : _ba daughter's elegy / _cSara Suleri Goodyear. |
| 260 |
_aChicago : _bUniversity of Chicago Press, _c2003. |
||
| 300 |
_a121 p. ; _c23 cm. |
||
| 563 | _aPBK | ||
| 600 | 1 | 0 |
_aSuleri, Z. A. _q(Ziauddin Ahmad), _d1913-1999. _982031 |
| 600 | 1 | 0 |
_aGoodyear, Sara Suleri. _982030 |
| 650 | 0 |
_aJournalists _zPakistan _vBiography. _982032 |
|
| 856 | 4 | 2 |
_3Publisher description _uhttp://www.loc.gov/catdir/description/uchi052/2003051352.html |
| 856 | 4 | 2 |
_3Contributor biographical information _uhttp://www.loc.gov/catdir/bios/uchi051/2003051352.html |
| 856 | 4 | 1 |
_3Table of contents _uhttp://www.loc.gov/catdir/toc/uchi051/2003051352.html |
| 906 |
_a7 _bcbc _corignew _d1 _eocip _f20 _gy-gencatlg |
||
| 942 |
_2ddc _cBK |
||
| 999 |
_c586352 _d586352 |
||